000
00488nam a2200169Ia 4500
008
090124s9999 xx 000 0 und d
020
_a
81-89724-74-6
082
_b
47084
245
_a
दर्यावर्दी कोलंबस
250
_a
2
260
_c
2007
300
_a
148
630
_a
दर्यावर्दी कोलंबस
700
_a
किणीकर रॉय
730
_a
दर्यावर्दी कोलंबस
942
_c
BOOK
999
_c
113309
_d
113309